[Event "AUTO-ADV-706"]
[Site "http://www.queenalice.com/game.php?id=301170"]
[Date "2007.11.9"]
[Round "1"]
[White "rob0330"]
[Black "golfman"]
[Result "0-1"]
[WhiteElo "1774"]
[BlackElo "1799"]

1. c4 e5 2. Nc3 Bc5 3. e3 b6 4. Nf3 Nc6 5. Be2 Ba6 6. O-O Qf6 7. Nd5 Qd6 8. Ng5
Nf6 9. d4 exd4 10. Nxf6+ Qxf6 11. Ne4 Qh4 12. Nxc5 bxc5 13. exd4 cxd4 14. Re1
O-O 15. a3 h5 16. Bxh5 Bxc4 17. g3 Qh3 18. Bf3 Rae8 19. Bxc6 dxc6 20. Rxe8 Rxe8
21. Bf4 Re4 22. Bxc7 d3 23. b3 Ba6 24. Qf3 f5 25. b4 d2 26. Qc3 Rh4 27. gxh4
Qxc3 0-1

[Event "AUTO-ADV-706"]
[Site "http://www.queenalice.com/game.php?id=301171"]
[Date "2007.11.9"]
[Round "1"]
[White "golfman"]
[Black "SGF"]
[Result "1-0"]
[WhiteElo "1850"]
[BlackElo "1600"]

1. d4 e6 2. e4 Qh4 3. Nc3 Bb4 4. Qf3 Nc6 5. g3 Qf6 6. Be3 a5 7. Bc4 e5 8. d5 Nd4
9. Qd1 a4 10. a3 Ba5 11. Bd2 c6 12. b4 Bb6 13. f4 cxd5 14. Nxd5 Qc6 15. c3 Nb3
16. Nxb6 Nxa1 17. Qxa1 Qxe4+ 18. Kf1 Qxh1 19. Nxa8 b5 20. Nc7+ Kd8 21. Nxb5 Bb7
22. Be3 exf4 23. Bb6+ Ke8 24. Nd6+ Ke7 25. Nxb7 fxg3 26. Nc5 Qxh2 27. Qe1+ Kf8
28. Nxd7# 1-0

[Event "AUTO-ADV-706"]
[Site "http://www.queenalice.com/game.php?id=301172"]
[Date "2007.11.9"]
[Round "1"]
[White "SGF"]
[Black "golfman"]
[Result "0-1"]
[WhiteElo "1605"]
[BlackElo "1859"]

1. e4 e5 2. Qh5 Qf6 3. Bc4 g6 4. Qf3 Bb4 5. a3 Bc5 6. Nh3 Qxf3 7. gxf3 d5 8.
Bxd5 c6 9. b4 Bd4 10. c3 cxd5 11. cxd4 Bxh3 12. dxe5 Bg2 13. Rg1 Bxf3 14. exd5
Bxd5 15. Bb2 Nc6 16. e6 f6 17. Nc3 Bxe6 18. Nb5 O-O-O 19. Rc1 Kb8 20. a4 a6 21.
Nc3 Nxb4 22. a5 Nd3+ 23. Ke2 Nxb2 24. Rc2 Nc4 25. Re1 Nxa5 26. Ne4 Bc4+ 27. Ke3
Rd3+ 28. Kf4 g5+ 29. Kg4 Nh6+ 30. Kh5 Rh3# 0-1

[Event "Challenge"]
[Site "http://www.queenalice.com/game.php?id=326509"]
[Date "2007.12.27"]
[Round "-"]
[White "golfman"]
[Black "KLEOJ"]
[Result "1-0"]
[WhiteElo "1917"]
[BlackElo "2004"]

1. e4 Nc6 2. d4 e5 3. d5 Nce7 4. Bg5 f6 5. Be3 Ng6 6. Nc3 Bb4 7. Qh5 Ne7 8. g3
O-O 9. Bc4 d6 10. O-O-O Bxc3 11. bxc3 f5 12. f3 a6 13. Nh3 f4 14. Bd2 Bxh3 15.
Qxh3 b5 16. Be2 Qe8 17. c4 bxc4 18. Qe6+ Kh8 19. Bxc4 Rf6 20. Qg4 Rb8 21. gxf4
Qa4 22. Bb3 Qa3+ 23. Kb1 Nxf4 24. Qd7 Nexd5 25. exd5 Nxd5 26. Rhg1 Rg6 27. Rxg6
hxg6 28. Qh3+ 1-0

[Event "Challenge"]
[Site "http://www.queenalice.com/game.php?id=334427"]
[Date "2008.1.10"]
[Round "-"]
[White "golfman"]
[Black "ChrisChristensen"]
[Result "1-0"]
[WhiteElo "1993"]
[BlackElo "1862"]

1. d4 d5 2. Nf3 c5 3. e3 a6 4. dxc5 Nc6 5. c3 e5 6. b4 Nf6 7. Qa4 Bd7 8. Be2 Nd4
9. Qd1 Nxe2 10. Qxe2 Bb5 11. Qd1 Qc7 12. Na3 Bc6 13. Bb2 Bd7 14. c4 Ng4 15. cxd5
b6 16. h3 bxc5 17. hxg4 Bxg4 18. Bxe5 Bd6 19. Bxg7 Rg8 20. Rxh7 O-O-O 21. Bf6
Rde8 22. Qa4 Bd7 23. Qxa6+ Kb8 24. bxc5 1-0

[Event "AUTO-ADV-706"]
[Site "http://www.queenalice.com/game.php?id=358234"]
[Date "2008.2.21"]
[Round "2"]
[White "romerov"]
[Black "golfman"]
[Result "0-1"]
[WhiteElo "1915"]
[BlackElo "1956"]

1. d4 d5 2. c4 c6 3. Nf3 dxc4 4. g3 b5 5. Bg2 f6 6. a4 Qa5+ 7. Bd2 b4 8. O-O g5
9. Na3 c3 10. Nc4 Qa6 11. bxc3 Qxc4 12. Rc1 b3 13. e4 g4 14. Ne1 e5 15. dxe5
fxe5 16. f3 Bc5+ 17. Rf2 Bxf2+ 18. Kxf2 gxf3 19. Bxf3 Nf6 20. Bh5+ Nxh5 21.
Qxh5+ Qf7+ 22. Qxf7+ Kxf7 23. Nd3 Nd7 24. Rb1 Rb8 25. c4 Ba6 26. Nb4 Bxc4 27.
Nxc6 Rb6 28. Na5 Bd3 29. Rxb3 Rxb3 30. Nxb3 Rb8 31. Nc1 Bxe4 32. Ke3 Bc2 33. a5
Rb1 34. Ne2 Nf6 35. h3 Ne4 36. Nc3 Rb3 0-1

[Event "AUTO-ADV-706"]
[Site "http://www.queenalice.com/game.php?id=358235"]
[Date "2008.2.21"]
[Round "2"]
[White "golfman"]
[Black "romerov"]
[Result "1-0"]
[WhiteElo "1940"]
[BlackElo "1935"]

1. e4 e6 2. d4 d5 3. Nc3 Nf6 4. e5 Nfd7 5. Bb5 a6 6. Bxd7+ Nxd7 7. Nf3 c5 8. Be3
cxd4 9. Qxd4 Bc5 10. Qf4 Qe7 11. Bxc5 Nxc5 12. O-O-O b5 13. Qg4 O-O 14. Rhe1 Bb7
15. a3 a5 16. Nxb5 Ba6 17. Nd6 Qc7 18. Re3 Rab8 19. Rc3 Qb6 20. b3 Be2 21. Re1
Ba6 22. Ng5 f6 23. Nxe6 Nxe6 24. Qxe6+ 1-0

[Event "AUTO-ADV-706"]
[Site "http://www.queenalice.com/game.php?id=358238"]
[Date "2008.2.21"]
[Round "2"]
[White "golfman"]
[Black "wbj07"]
[Result "1-0"]
[WhiteElo "2035"]
[BlackElo "1982"]

1. e4 e6 2. d4 d5 3. Nc3 Bb4 4. Qg4 g6 5. e5 c5 6. a3 Bxc3+ 7. bxc3 b6 8. Bb5+
Bd7 9. Bg5 Ne7 10. Bf6 Rg8 11. Bd3 Nbc6 12. Nf3 Qc7 13. Qh4 h5 14. g4 hxg4 15.
Qxg4 O-O-O 16. Ba6+ Kb8 17. dxc5 Bc8 18. Be2 bxc5 19. Rb1+ Ka8 20. Qa4 Bd7 21.
Qh4 Nf5 22. Bxd8 Rxd8 23. Qf6 Be8 24. Ba6 Rb8 25. Rxb8+ Qxb8 26. O-O c4 27. Qh8
Bd7 28. Bb7+ Kxb7 29. Rb1+ Kc7 30. Rxb8 Nxb8 31. Qf8 Nc6 32. Qxf7 Nce7 33. Ng5
a5 34. Nxe6+ Bxe6 35. Qxe6 Kd8 36. Qb6+ Ke8 37. e6 Kf8 38. Qxa5 Kg7 39. a4 Kf6
40. Qa6 Ke5 41. Qb6 1-0

[Event "AUTO-ADV-706"]
[Site "http://www.queenalice.com/game.php?id=358239"]
[Date "2008.2.21"]
[Round "2"]
[White "wbj07"]
[Black "golfman"]
[Result "0-1"]
[WhiteElo "2051"]
[BlackElo "2006"]

1. e4 e5 2. Nf3 Nc6 3. Nc3 Nf6 4. d4 exd4 5. Nxd4 Bc5 6. Nxc6 bxc6 7. Bc4 d6 8.
O-O O-O 9. h3 Qe8 10. Re1 Qe5 11. Na4 Bxh3 12. Nxc5 Qxc5 13. Bd3 Be6 14. Bf4 Ng4
15. Be3 Qe5 16. c3 Qh2+ 17. Kf1 Rfb8 18. b3 Qh1+ 19. Ke2 Qxg2 20. Rg1 Qh3 21.
Rh1 Nxe3 22. fxe3 Qg2+ 0-1

[Event "AUTO-INT-679"]
[Site "http://www.queenalice.com/game.php?id=358749"]
[Date "2008.2.22"]
[Round "2"]
[White "backnine"]
[Black "golfman"]
[Result "0-1"]
[WhiteElo "1731"]
[BlackElo "1978"]

1. e4 e5 2. Nf3 Nc6 3. g3 Bc5 4. Bg2 d6 5. O-O Bg4 6. h3 Bxf3 7. Bxf3 Nd4 8. Bg2
c6 9. b3 Nf6 10. d3 O-O 11. Bb2 d5 12. Nc3 dxe4 13. Nxe4 Nxe4 14. Bxe4 f5 15.
Bg2 Re8 16. c3 Ne6 17. Re1 Qb6 18. Qf3 f4 19. Rad1 Ng5 20. Qg4 Bxf2+ 21. Kh2
Bxg3+ 22. Kh1 Bxe1 23. Rxe1 Qf2 24. Rg1 h6 25. Ba3 Qxa2 26. Bb4 a5 27. h4 axb4
28. hxg5 h5 29. Qxh5 bxc3 30. g6 Qxb3 31. Qh7+ Kf8 32. Kh2 Ra2 33. Qh3 Ke7 34.
Qh4+ Kd6 35. Kh3 Qe6+ 36. Kh2 Qc8 37. d4 Rh8 38. dxe5+ Kc7 39. Qxh8 Qxh8# 0-1

[Event "AUTO-INT-679"]
[Site "http://www.queenalice.com/game.php?id=358750"]
[Date "2008.2.22"]
[Round "2"]
[White "golfman"]
[Black "backnine"]
[Result "1-0"]
[WhiteElo "1988"]
[BlackElo "1705"]

1. e4 e5 2. Bc4 Nf6 3. d3 Bc5 4. Be3 Bxe3 5. fxe3 d5 6. exd5 Nxd5 7. e4 Nf4 8.
Qf3 O-O 9. g3 Ne6 10. Qf2 Nc6 11. Nf3 Ned4 12. Nxd4 Nxd4 13. c3 Nc6 14. Na3 Bh3
15. O-O-O a6 16. d4 Qg5+ 17. Qd2 Qxd2+ 18. Rxd2 Rad8 19. Nc2 Bg4 20. Rf1 Na5 21.
Bd3 exd4 22. cxd4 Nc6 23. Rf4 Bc8 24. Bc4 b5 25. Bd5 Ne7 26. Bb3 Ng6 27. Rff2 c6
28. Nb4 c5 29. dxc5 a5 30. Rxd8 Rxd8 31. Bxf7+ Kh8 32. Bxg6 hxg6 33. Nc6 Re8 34.
Nxa5 Be6 35. b4 Bxa2 36. Rxa2 Rxe4 37. Rc2 Rxb4 38. c6 Ra4 39. c7 Ra1+ 40. Kd2
Rxa5 41. c8=Q+ Kh7 42. Qh3+ Kg8 43. Rc8+ Kf7 44. Qd7+ Kf6 45. Rf8+ Kg5 46. h4+
1-0

[Event "AUTO-INT-667"]
[Site "http://www.queenalice.com/game.php?id=371455"]
[Date "2008.3.15"]
[Round "2"]
[White "guermantes"]
[Black "golfman"]
[Result "0-1"]
[WhiteElo "1657"]
[BlackElo "1975"]

1. d4 d5 2. Nf3 Nc6 3. e3 Bg4 4. Be2 e6 5. Nbd2 Bf5 6. a3 Be7 7. O-O a6 8. b4
Nh6 9. Re1 O-O 10. c4 dxc4 11. Nxc4 f6 12. Nh4 Be4 13. Nd2 f5 14. Nxe4 fxe4 15.
Bc4 Bxh4 16. Bxe6+ Kh8 17. g3 Qf6 18. Bb2 Qxf2+ 0-1

[Event "AUTO-INT-667"]
[Site "http://www.queenalice.com/game.php?id=371456"]
[Date "2008.3.15"]
[Round "2"]
[White "golfman"]
[Black "guermantes"]
[Result "1-0"]
[WhiteElo "2004"]
[BlackElo "1654"]

1. d4 Nf6 2. e3 d5 3. Nf3 e6 4. Bd2 c5 5. Be2 cxd4 6. Nxd4 Be7 7. O-O O-O 8. c4
e5 9. Nf3 Nc6 10. cxd5 Nxd5 11. Nc3 f5 12. Qb3 Be6 13. Qxb7 Nxc3 14. Bxc3 Qc8
15. Qxc8 Raxc8 16. Nxe5 Nxe5 17. Bxe5 Rc2 18. Bd1 Rxb2 19. Bxb2 Bc4 20. Bb3 Bxb3
21. axb3 1-0

[Event "AUTO-INT-667"]
[Site "http://www.queenalice.com/game.php?id=371457"]
[Date "2008.3.15"]
[Round "2"]
[White "zemaria"]
[Black "golfman"]
[Result "0-1"]
[WhiteElo "1677"]
[BlackElo "1984"]

1. e4 e5 2. d4 Qh4 3. Bd3 exd4 4. Nf3 Qg4 5. g3 Bc5 6. Bf4 d6 7. Nbd2 Nc6 8. Be2
Qg6 9. Bd3 Bg4 10. e5 Qe6 11. O-O dxe5 12. Re1 Nge7 13. Bg5 f6 14. Ne4 Bb6 15.
Bc1 O-O-O 16. Be2 Qf5 17. Ned2 Qh5 18. h4 Nf5 19. Nh2 Bxe2 20. Rxe2 d3 21. cxd3
Nxg3 0-1

[Event "AUTO-INT-667"]
[Site "http://www.queenalice.com/game.php?id=371458"]
[Date "2008.3.15"]
[Round "2"]
[White "golfman"]
[Black "zemaria"]
[Result "1-0"]
[WhiteElo "1970"]
[BlackElo "1693"]

1. e4 e5 2. Nf3 d6 3. d4 Bg4 4. dxe5 Be7 5. exd6 Bxd6 6. Qd4 f6 7. e5 Bxf3 8.
exd6 Bc6 9. Bf4 Nd7 10. Qe3+ Ne5 11. Bxe5 Qd7 12. Bxf6+ Kf7 13. Be5 b6 14. Bc4+
Kf8 15. Qf4+ Nf6 16. Bxf6 gxf6 17. Qxf6+ 1-0

[Event "Challenge"]
[Site "http://www.queenalice.com/game.php?id=399088"]
[Date "2008.5.7"]
[Round "-"]
[White "luke6469"]
[Black "golfman"]
[Result "0-1"]
[WhiteElo "1742"]
[BlackElo "2049"]

1. e4 e5 2. Nf3 Nc6 3. d4 exd4 4. Nxd4 Bc5 5. Nb3 Bb6 6. Nc3 d6 7. Be2 Qh4 8.
O-O Nf6 9. Bf3 Ne5 10. g3 Nxf3+ 11. Qxf3 Qh3 12. Qg2 Qh5 13. Re1 Bh3 14. Qh1 Ng4
15. Be3 Nxe3 16. fxe3 c6 17. Nd4 O-O 18. Qf3 Qg6 19. Nf5 Rae8 20. Rad1 d5 0-1

[Event "Challenge"]
[Site "http://www.queenalice.com/game.php?id=399089"]
[Date "2008.5.7"]
[Round "-"]
[White "golfman"]
[Black "luke6469"]
[Result "1-0"]
[WhiteElo "2024"]
[BlackElo "1905"]

1. d4 Nf6 2. e3 e6 3. Nf3 b6 4. Bd2 Bb7 5. Bd3 c5 6. O-O Bd6 7. Na3 a6 8. Nc4
Qc7 9. Nxd6+ Qxd6 10. dxc5 bxc5 11. Bc3 Qc6 12. Bxf6 gxf6 13. c4 h5 14. Bc2 Rg8
15. Kh1 h4 16. h3 d6 17. Ba4 1-0

[Event "Both Games pleasr"]
[Site "http://www.queenalice.com/game.php?id=605877"]
[Date "2009.6.19"]
[Round "-"]
[White "Noyender"]
[Black "golfman"]
[Result "0-1"]
[WhiteElo "1868"]
[BlackElo "2066"]

1. e4 c5 2. Nf3 Nc6 3. Bb5 Nf6 4. Nc3 a6 5. Bxc6 dxc6 6. d3 Bg4 7. Be3 e6 8. Qd2
Nd7 9. Bg5 f6 10. Bf4 e5 11. Bg3 Bd6 12. Nh4 Qb6 13. f3 Be6 14. Bf2 Qxb2 15. O-O
Qa3 16. Ne2 g6 17. Rfb1 b5 18. c4 Rb8 19. Rb3 Qa4 20. Rab1 Rd8 21. Qc1 Qxa2 22.
R3b2 Qa5 23. cxb5 axb5 24. Be3 Qa3 25. Rb3 Qxc1+ 26. Nxc1 Bxb3 27. Nxb3 Kf7 28.
Na5 Ra8 29. Bd2 Ra6 30. g4 Rha8 31. Nb3 Ra2 32. Be3 Re2 33. Bf2 Raa2 34. Rf1
Rec2 35. Ng2 Rab2 36. Na5 Nb8 37. Ne3 Re2 38. Nb7 Be7 39. Nd1 Rbc2 40. Ne3 Ra2
41. Ng2 Nd7 42. f4 c4 43. dxc4 bxc4 44. fxe5 Nxe5 45. Nf4 Red2 46. Nc5 Rxf2 47.
Rxf2 Bxc5 0-1

[Event "Both Games please"]
[Site "http://www.queenalice.com/game.php?id=605878"]
[Date "2009.6.19"]
[Round "-"]
[White "golfman"]
[Black "Noyender"]
[Result "1-0"]
[WhiteElo "2053"]
[BlackElo "1888"]

1. d4 Nf6 2. Nf3 g6 3. e3 Bg7 4. Bd2 Nc6 5. Bd3 O-O 6. O-O d6 7. Na3 b6 8. c4
Bb7 9. Qa4 d5 10. cxd5 Qxd5 11. Nb5 Qd7 12. h3 a6 13. Nc3 b5 14. Qb3 Nd8 15. Ne5
Qe6 16. Qxe6 Nxe6 17. Rfc1 c5 18. a4 cxd4 19. exd4 Nxd4 20. axb5 Nb3 21. bxa6
Nxc1 22. Bxc1 Bd5 23. Ra5 e6 24. a7 Bb7 25. Be3 Rfd8 26. Bc4 Ne8 27. Bf1 Nd6 28.
Bb6 Re8 29. f4 Nc8 30. Bf2 Rd8 31. Nb5 Rd5 32. Ra3 Bxe5 33. fxe5 Rxe5 34. Nc7
Nxa7 35. Nxa8 Nc6 36. Nc7 Ne7 37. Rb3 Bc6 38. Bd4 1-0

[Event "Challenge"]
[Site "http://www.queenalice.com/game.php?id=642460"]
[Date "2009.8.25"]
[Round "-"]
[White "mbake5"]
[Black "golfman"]
[Result "1-0"]
[WhiteElo "2740"]
[BlackElo "2074"]

1. e4 c5 2. Nf3 d6 3. d4 Nf6 4. Nc3 cxd4 5. Nxd4 a6 6. Be3 g6 7. f3 Qb6 8. Qc1
Bg7 9. Nf5 Qb4 10. Nxg7+ Kf8 11. a3 Qa5 12. Bh6 Kg8 13. Qf4 Nc6 14. O-O-O Qc5
15. Nd5 Nxd5 16. Rxd5 Qf2 17. Bc4 Nd8 18. Rxd6 exd6 19. Nh5 Qd4 20. Nf6+ Qxf6
21. Qxf6 1-0

[Event "Challenge"]
[Site "http://www.queenalice.com/game.php?id=642474"]
[Date "2009.8.26"]
[Round "-"]
[White "Pinto_Filho"]
[Black "golfman"]
[Result "1/2-1/2"]
[WhiteElo "2407"]
[BlackElo "2072"]

1. e4 c5 2. Nc3 Nc6 3. f4 e6 4. Nf3 Nf6 5. Bb5 Be7 6. O-O O-O 7. e5 Nd5 8. d3
Qb6 9. a4 c4+ 10. d4 Na5 11. Bd2 a6 12. Nxd5 exd5 13. Qe1 axb5 14. axb5 Bd8 15.
b3 cxb3 16. cxb3 Ra7 17. Bb4 d6 18. Bxd6 Qxb5 19. Bxf8 Kxf8 20. Qc1 Bf5 21. Qc5+
Qxc5 22. dxc5 Nc6 23. Rxa7 Nxa7 24. Nd4 Be4 25. Ra1 Nc6 26. Nxc6 bxc6 27. Ra6 d4
28. Ra4 Bd5 29. Rxd4 f6 30. exf6 Bxf6 31. Rd3 Be4 32. Rd7 Bd5 33. b4 Bd4+ 34.
Kh1 Ke8 35. Rb7 Kd8 36. b5 h6 37. h3 g6 38. bxc6 Bxc6 39. Rh7 Be4 40. Rxh6 Be3
41. Rh7 Bxf4 42. Rh4 g5 43. Rh8+ Kd7 44. h4 Be3 45. hxg5 Bxg5 46. Rg8 Be3 47.
Rg7+ Ke8 48. Rc7 Kd8 49. Rg7 Bxc5 50. Rf7 Ke8 51. Rc7 Be3 52. Rg7 Kf8 53. Rc7
Bd5 54. Rd7 Bc6 55. Rc7 Be4 56. Rd7 Bg5 57. Ra7 Bc1 58. Rc7 Bb2 59. Ra7 Be5 60.
Rd7 Bc6 61. Ra7 Bd4 1/2-1/2